Cartography in Korea

Bibliographic Details
Published in:The history of cartography, J.B. Harley and David Woodward, Chicago [etc.], p. 235-345 (2)
Main Author: Ledyard, Gari
Content type: Article
Published: 1994
Source:MPIPL_cat

MARC

LEADER 00000naa a2200000 u 4500
001 PL0063301
003 PLI01000000000000000061529
005 00000000000000.0
008 ||| u
100 1 |a Ledyard, Gari 
245 0 0 |a Cartography in Korea  |c Gari Ledyard 
260 |c 1994 
773 0 8 |t The history of cartography  |a J.B. Harley and David Woodward  |k 2  |d Chicago [etc.]  |g p. 235-345  |w MPIPL_cat.PL0063291  |z 0-226-31637-8  |i In: 
952 |h p. 235-345 
996 |a Aufsatz 
997 |a book chapter